Hey, du hast meine Hauptstadt erobert! - Statistiken

Allgemein
  • Dieses Quiz wurde 92 mal gespielt
  • Das Durchschnittsergebnis liegt bei 10 aus 20
Antwortstatistiken
Jahr Hauptstadt Eroberer % Korrekt
2003 Bagdad Vereinigte Staaten
95%
1940 Paris Deutschland
90%
1990 Kuwait-Stadt Irak
84%
1979 Kabul Sowjetunion
73%
1937 Nanjing Japan
69%
1939 Tirana Italien
59%
1814 Washington D.C. Vereinigtes Königreich
58%
1812 Moskau Frankreich
53%
1521 Tenochtitlan Spanien
53%
1951 Lhasa China
51%
30 BC Alexandria Römisches Reich
51%
1914 Belgrad Österreich-Ungarn
46%
1453 Konstantinopel Osmanisches Reich
41%
404 BC Athen Sparta
41%
1881 Lima Chile
38%
539 BC Babylon Persisches Reich
23%
1258 Bagdad Mongolisches Reich
20%
1702 Warschau Schweden
19%
597 BC Jerusalem Babylon
16%
1979 Kampala Tansania
12%
Keine übereinstimmenden Quizze gefunden
Verteilung der Resultate
Anzahl Personen mit jedem Resultat
Perzentil nach korrekt beantworteten Fragen
Ihre Resultats-Entwicklung
Sie haben dieses Quiz noch nicht gespielt